Memories the echoes of life / (Record no. 147720)
[ view plain ]
| 000 -LEADER | |
|---|---|
| fixed length control field | 00455nam a22001697a 4500 |
| 005 - DATE AND TIME OF LATEST TRANSACTION | |
| control field | 20171128104158.0 |
| 010 ## - LCCN (DPL NO) | |
| LC control number | ENG-121598 |
| 020 ## - INTERNATIONAL STANDARD BOOK NUMBER | |
| Terms of availability | 199.00 |
| 035 ## - SYSTEM CONTROL NUMBER | |
| System control number | EN-105130 |
| 037 ## - SOURCE OF ACQUISITION | |
| Source of stock number/acquisition | DBAD/PUB |
| 082 ## - DEWEY DECIMAL CLASSIFICATION NUMBER | |
| Classification number | 808.883 |
| 245 ## - TITLE STATEMENT | |
| Title | Memories the echoes of life / |
| Statement of responsibility, etc | edited by Ayushi Pradhan |
| 260 ## - PUBLICATION, DISTRIBUTION, ETC. (IMPRINT) | |
| Name of publisher, distributor, etc | Turquoise Publication |
| Date of publication, distribution, etc | 2017 |
| 300 ## - PHYSICAL DESCRIPTION | |
| Extent | 90p, |
| Dimensions | 20cm(pbk) |
| Other physical details | ill |
| 700 ## - ADDED ENTRY--PERSONAL NAME | |
| Personal name | Pradhan, Ayushi |
| 942 ## - ADDED ENTRY ELEMENTS (KOHA) | |
| Source of classification or shelving scheme | Dewey Decimal Classification |
| Item type | English Books |
| Classification part | 808.883 |
| Call number suffix | MEM |
| Withdrawn status | Lost status | Not for loan | Collection code | Home library | Current library | Date acquired | Source of acquisition | Cost, normal purchase price | Full call number | Barcode | Copy number | Cost, replacement price | Koha item type |
|---|---|---|---|---|---|---|---|---|---|---|---|---|---|
| Non-fiction | Katevara | Katevara | 23/11/2017 | DBAD/PUB | 199.00 | 808.883 MEM | EN-105130 | 1 | 199.00 | English Books |
